桃太郎電鉄の歴史ヒーロー(令和) - Statistics

General Stats
  • This quiz has been taken 226 times
  • The average score is 21 of 32
Answer Stats
独占駅 歴史ヒーロー % Correct
名古屋 織田信長
93%
仙台 伊達政宗
92%
甲府 武田信玄
91%
浜松 徳川家康
91%
下田 ペリー
89%
水戸 水戸黄門
88%
奄美大島 西郷隆盛
85%
上越 上杉謙信
84%
札幌 クラーク博士
81%
京橋 豊臣秀吉
80%
深谷 渋沢栄一
78%
那須 那須与一
73%
土岐 明智光秀
67%
中津 福沢諭吉
66%
函館 土方歳三
65%
下関 伊藤博文
65%
赤穂 赤穂浪士
64%
奈良 聖徳太子
61%
鹿児島 大久保利通
60%
神戸 源義経
59%
さぬき 平賀源内
59%
長崎 坂本龍馬
59%
彦根 井伊直弼
58%
高杉晋作
56%
祇園 清少納言
50%
熊本 加藤清正
47%
出石 桂小五郎
46%
御坊 武蔵坊弁慶
44%
博多 黒田官兵衛
39%
石田三成
38%
和歌山 紀伊国屋文左衛門
23%
湯田温泉 井上聞多
20%
No matching quizzes found
Score Distribution
Percent of People with Each Score
Percentile by Number Answered
Your Score History
You have not taken this quiz